Grafológia synkritická analýza v modernej grafológii

Uložené v:
Podrobná bibliografia
Hlavný autor: Mistrík, Jozef
Médium: Kniha
Jazyk:Slovak
Vydavateľské údaje: Bratislava Obzor 1985
Vydanie:2. vyd.
Tagy: Pridať tag
Žiadne tagy, Buďte prvý, kto otaguje tento záznam!

MARC

LEADER 00000nam a2200000 4500
001 c110749
005 20041019155147.7
041 0 |a slo 
044 |a SK 
245 1 0 |a Grafológia  |b synkritická analýza v modernej grafológii  |c Jozef Mistrík 
250 |a 2. vyd. 
264 1 |a Bratislava  |b Obzor  |c 1985 
300 |a 199 s. 
100 1 |a Mistrík, Jozef